MARC

LEADER 00000nam0a2200000 4500
001 262979
005 20231101233712.0
035 |a (RuTPU)RU\TPU\book\285963 
090 |a 262979 
100 |a 20140605d1981 km y0rusy50 ca 
101 0 |a rus 
102 |a RU 
105 |a a z 001zy 
200 1 |a Эксплуатационная надежность металлургического оборудования  |e тематический отраслевой сборник  |f Всесоюзный научно-исследовательский институт автоматизации черной металлургии ; Всесоюзный научно-исследовательский проектно-конструкторский технологический институт механизации труда в черной металлургии и ремонтно-механических работ 
210 |a Москва  |c Металлургия  |d 1981 
215 |a 88 с.  |c ил. 
320 |a Библиография в конце статей 
606 1 |a Металлургическое оборудование  |x Надежность  |2 stltpush  |3 (RuTPU)RU\TPU\subj\42984  |9 62572 
610 1 |a горнорудное оборудование 
610 1 |a долговечность 
610 1 |a машины 
610 1 |a динамика 
610 1 |a прочность 
610 1 |a повышение 
610 1 |a экономика 
610 1 |a ремонтные работы 
610 1 |a производство 
610 1 |a планирование 
610 1 |a черная металлургия 
675 |a 669.02  |v 4 
712 0 2 |a Всесоюзный научно-исследовательский институт автоматизации черной металлургии  |c (Днепропетровск)  |2 stltpush  |3 (RuTPU)RU\TPU\col\21397  |9 27998 
712 0 2 |a Всесоюзный научно-исследовательский проектно-конструкторский технологический институт механизации труда в черной металлургии и ремонтно-механических работ  |c (Днепропетровск)  |c (????-1991)  |2 stltpush  |3 (RuTPU)RU\TPU\col\21773  |9 28127 
801 1 |a RU  |b 63413507  |c 20140605 
801 2 |a RU  |b 63413507  |c 20211227  |g RCR 
942 |c BK